000 00487nam a22001697a 4500
003 MPLRDC
005 20220104142817.0
008 210129b ||||| |||| 00| 0 eng d
082 _a520.9386 JZ-6 v.3
100 _a教总教育研究中心
245 _a教总成立卅三年: 华文教育史料. 下册
_c
250 _a初版
260 _a
_b马来西亚华校教师会总会
_c1984
300 _b
650 _a教育史及现状--马来西亚
942 _cBK
_o520.9386 JZ-6 v.3
999 _c33900
_d33890